[Event "Zonal Lvov"]
[Site "Lvov"]
[Date "1978.??.??"]
[Round "7"]
[White "Balashov, Yuri S"]
[Black "Kuzmin, Gennadi P"]
[Result "1-0"]
[WhiteElo "2590"]
[BlackElo "2535"]
[Annotator "Moiseev,V"]
[PlyCount "81"]
[EventDate "1978.04.??"]
[EventType "tourn"]
[EventRounds "15"]
[EventCountry "URS"]
[EventCategory "13"]
[SourceTitle "MCL"]
[Source "ChessBase"]
[SourceDate "1999.07.01"]
[SourceVersion "1"]
[SourceVersionDate "1999.07.01"]
[SourceQuality "1"]

1. Nf3 Nf6 2. c4 g6 3. Nc3 Bg7 4. d4 O-O 5. Bg5 c5 6. e3 d6 7. Be2 Qa5 $6 (7...
cxd4 8. exd4 h6 $1 {N} (8... Bg4) 9. Bf4 (9. Bh4 $6 Nh5 10. O-O f5 $1 $36 {
Epishin/}) 9... Bf5 10. O-O Ne4 11. Nxe4 Bxe4 12. Qd2 g5 13. Be3 e6 $1 $15 {
Smyslov,V-Epishin,V/Rostov/1993/0:1/50/}) 8. O-O cxd4 $6 (8... Bg4) 9. exd4 Bg4
10. Be3 Nc6 (10... Nbd7) 11. a3 $1 Nd7 12. h3 Bxf3 13. Bxf3 Rfc8 14. b4 Qd8 15.
Qb3 $16 a5 (15... Nxd4 $2 16. Bxd4 Bxd4 17. Bxb7 $18) (15... Bxd4 $2 16. Bxc6
Bxc3 17. Bxd7 Bxa1 18. Bxc8 $18) 16. Rad1 axb4 17. axb4 Nf8 18. c5 Ne6 19. Nb5
Nc7 20. Nxc7 Rxc7 21. b5 Na5 22. Qb4 d5 23. Ra1 Rcc8 24. Be2 b6 25. Rfc1 $1
bxc5 26. Rxc5 Rxc5 27. Qxc5 Rc8 28. Qa7 $1 Nc4 (28... Nb3 29. Ra3) (28... Ra8
29. b6 $1 Rxa7 30. bxa7 e6 (30... e5 31. Bd2 exd4 32. Rxa5 $18) 31. Bd2 Bxd4
32. Rxa5 Qa8 33. Be3 Bxe3 (33... Bc3 34. Rb5 $18) 34. fxe3 $18 {/\ 36.Bb5-c6})
29. Bxc4 dxc4 30. b6 Bf8 (30... e5 31. b7 Rb8 32. Qxb8 Qxb8 33. Ra8 $18) (30...
Rb8 31. Bf4 $1 (31. b7 Bf8) 31... Rxb6 (31... e5 32. b7 $1 (32. dxe5 Rxb6 33.
Bg5 (33. Qxb6 $2 Qxb6 34. Ra8+ Bf8 35. Bh6 Qb1+ 36. Kh2 Qb4 $19) 33... Qb8 $10)
32... exf4 33. Qxb8 Qxb8 34. Ra8 $18) 32. Qxb6 $1 Qxb6 33. Ra8+ Bf8 34. Bh6 $18
) 31. b7 (31. Bf4 $1 e5 (31... Qxd4 32. b7) 32. Bxe5 Bd6 33. b7 Rb8 34. Bxd6
Qxd6 35. Qxb8+ Qxb8 36. Ra8 $18) 31... Rb8 32. Bf4 $2 (32. g3 $1 $18 {/\ 33.
Be3-f4}) 32... Rxb7 $1 33. Qxb7 Qxd4 $14 34. Ra8 Qxf4 35. g3 Qd6 36. Qc8 e6 37.
Qxc4 h5 38. h4 Kg7 (38... Qe5 39. Qc8 Qg7 $1 $14) 39. Qc3+ Kh7 $4 (39... e5 $6
40. Ra5 f6 41. Ra7+ Be7 42. Qc4 $16) (39... Kg8 40. Qf6 Qd7 $14) 40. Qf6 $18
Kg8 (40... Qe7 41. Qxe7 Bxe7 42. Ra7 $18) 41. Ra7 1-0

[Event "Horgen"]
[Site "Horgen"]
[Date "1995.10.21"]
[Round "1"]
[White "Ehlvest, Jaan"]
[Black "Kasparov, Garry"]
[Result "1/2-1/2"]
[WhiteElo "2630"]
[BlackElo "2795"]
[Annotator "Donev,I"]
[PlyCount "96"]
[EventDate "1995.10.??"]
[EventType "tourn"]
[EventRounds "11"]
[EventCountry "SUI"]
[EventCategory "17"]
[SourceTitle "CBM 050"]
[Source "ChessBase"]
[SourceDate "1996.02.01"]
[SourceVersion "1"]
[SourceVersionDate "1996.02.01"]
[SourceQuality "1"]

1. d4 {Ehlvest} Nf6 2. Nf3 g6 3. c4 Bg7 4. Nc3 O-O 5. Bg5 c5 6. d5 d6 7. Nd2 h6
8. Bh4 a6 (8... e5 9. e4 a6 10. Be2 Qc7 11. O-O Nh7 12. Qc2 f5 13. exf5 gxf5
14. f3 Rf7 15. Kh1 Nf8 16. g4 Ng6 17. Bg3 Nf4 18. Bxf4 exf4 19. Rg1 Nd7 20. g5
hxg5 21. Rxg5 Ne5 22. Rag1 Bd7 23. Qc1 Kh7 24. Qf1 Bh6 25. Qg2 Qd8 26. Rh5 Qf8
27. Bd3 Rf6 28. Nde4 Nxd3 29. Qg8+ {1-0 Kogan,A-Afek,Y/Kecskemet ;EXP 45 1994})
(8... Qb6 9. Qc2 e5 10. e4 Nh7 11. Be2 h5 12. f3 Bh6 13. O-O-O Nd7 14. Kb1 Ndf6
15. Bf2 a6 16. Rdg1 Bd7 17. Nd1 Qa5 18. Be3 Bxe3 19. Nxe3 b5 20. h4 Kh8 21. g4
Rab8 22. g5 Ne8 23. f4 exf4 {Rustemov,A-Isupov,V/RUS-chT Moscow (08) ;EXP 45
1994/1-0 (56)}) (8... g5 9. Bg3 Nh5 (9... e6 10. e4 exd5 11. cxd5 $14) 10. e3
Nxg3 11. hxg3 f5 12. Bd3 (12. Be2 $5) 12... Nd7 13. Nf3 e6 (13... Ne5 14. Nxe5
dxe5 15. g4 $5 fxg4 16. Ne4 b6 17. Ng3 $44) 14. dxe6 Nb6 $1 15. g4 {Ehlvest,
J-Pugachev,A/St.Petersburg op (06) ;CBM 41 1994/1/2-1/2 (40)}) 9. e4 b5 10. Be2
b4 11. Na4 Nh7 12. O-O Nd7 13. Qc2 g5 14. Bg3 Ne5 15. Rae1 a5 16. Nf3 Ng6 (
16... Bd7 $10 {Ehlvest}) 17. e5 (17. Bd3 Nf4 18. Bxf4 gxf4 19. e5 Ng5 20. Nxg5
hxg5 21. e6 $13 {Ehlvest}) 17... g4 18. Nh4 Nxe5 19. Nf5 Bxf5 20. Qxf5 Qc8 21.
Qxc8 Raxc8 22. Bxe5 dxe5 23. Bxg4 f5 24. Bd1 Ng5 25. f3 Nf7 26. Bc2 Nd6 27. b3
e4 28. g3 Bd4+ 29. Kg2 e3 30. f4 Rfe8 31. Re2 Rb8 32. Kf3 e6 33. dxe6 Rxe6 34.
Rg2 h5 35. Ke2 Kf7 36. h3 Rg6 37. Rfg1 Rg7 38. Bd3 Rbg8 39. Nb6 h4 40. g4 fxg4
41. Rxg4 Rxg4 42. hxg4 h3 43. g5 Rh8 44. Nd5 h2 45. Rh1 Ke6 46. Nc7+ (46. Nxe3
Bxe3 47. Kxe3 Rh3+ 48. Ke2 Nf5) (46. f5+ Nxf5 47. Nf4+ Kd6 48. Bxf5 Rf8 49.
Rxh2 Rxf5 50. Rh6+ Kd7 $10) (46. g6 Nf5 47. Nc7+ Kf6 48. Nd5+ Ke6 $10) 46...
Kd7 47. Nd5 Ke6 48. Nc7+ Kd7 1/2-1/2